000
00285nam a22001217a 4500
008
160506b xxu||||| |||| 00| 0 eng d
020
_a
9780963633439
020
_a
0963633430
041
_a
eng
080
_a
61
245
_a
Alternative medicine:
_c
Deepak Chopra M. D;
942
_2
udc
_c
BK
999
_c
1864
_d
1864